书目信息 |
| 题名: |
大倒戈百万民国党军起义纪实
|
|
| 作者: | 傅建文 著 | |
| 分册: | ||
| 出版信息: | 中央编译 2007.10 |
|
| 页数: | 335页 | |
| 开本: | 26cm | |
| 丛书名: | ||
| 单 册: | ||
| 中图分类: | K266.06 | |
| 科图分类: | ||
| 主题词: | 中国--历史 | |
| 电子资源: | ||
| ISBN: | 978-7-80109-032-4 | |
| 000 | 00610nam0 2200229 45 | |
| 001 | 0961852521 | |
| 005 | 20091016171306.17 | |
| 010 | @a978-7-80109-032-4@dCNY29.00 | |
| 100 | @a20090515d2007 ekmy0 y0120 ea | |
| 102 | @aCN@b130000 | |
| 105 | @ay z 000yy | |
| 200 | 1 | @a大倒戈百万民国党军起义纪实@f傅建文著@Ffu jian wen zhu |
| 205 | @a修订版 | |
| 210 | @c中央编译@d2007.10 | |
| 210 | @a北京@c中央编译出版社 | |
| 215 | @a335页@d26cm | |
| 606 | 0 | @a中国@x历史 |
| 690 | @aK266.06@v4 | |
| 701 | 0 | @a傅建文@Afu jian wen@4著 |
| 801 | 0 | @aCN@c20091016 |
| 905 | @a10447@dK266.06@eF920 | |
| 906 | @d29@n3@r1 | |
| 大倒戈百万民国党军起义纪实/傅建文著.-修订版.-中央编译,2007.10.-北京:中央编译出版社 |
| 335页;26cm |
| ISBN 978-7-80109-032-4:CNY29.00 |
| ● |
| 相关链接 |
|
|
|
正题名:大倒戈百万民国党军起义纪实
索取号:K266.06/F920
 
预约/预借
| 序号 | 登录号 | 条形码 | 馆藏地/架位号 | 状态 | 备注 |
| 1 | 890939 | 208909396 | 社科库309/309社科库 37排1列6层/ [索取号:K266.06/F920] | 在馆 | |
| 2 | 890940 | 208909403 | 社科库309/309社科库 37排1列6层/ [索取号:K266.06/F920] | 在馆 | |
| 3 | 890941 | 208909412 | 社科库309/309社科库 37排1列6层/ [索取号:K266.06/F920] | 在馆 |